Understanding civil war evidence and analysis

Gespeichert in:
Bibliographische Detailangaben
Weitere Verfasser: Collier, Paul, Sambanis, Nicholas
Format: Buch
Sprache:Englisch
Veröffentlicht: Washington, D.C. <The> World Bank 2005
Schlagworte:
Tags: Tag hinzufügen
Keine Tags, Fügen Sie das erste Tag hinzu!

MARC

LEADER 00000nam$a2200000$$$4500
001 0040156
005 20240104133942.8
020 |a 0-8213-6049-3 
041 0 |a eng 
044 |a US 
245 1 0 |a Understanding civil war  |b evidence and analysis  |c Edited by: Paul Collier, Nicholas Sambanis 
264 1 |a Washington, D.C.  |b <The> World Bank  |c 2005 
300 |a 349 s. 
610 2 0 |a vojny 
610 2 0 |a občania 
610 2 0 |a konflikty 
610 2 0 |a modely 
610 2 0 |a štúdie prípadové 
610 2 0 |a projekty 
610 2 0 |a výskum 
610 2 0 |a kriminalita 
610 2 0 |a Európa 
610 2 0 |a Ázia 
610 2 0 |a stredná Ázia 
700 1 |a Collier, Paul 
700 1 |a Sambanis, Nicholas